| 000 | 00656nam a2200217Ia 4500 | ||
|---|---|---|---|
| 001 | 250 | ||
| 005 | 20251205092135.0 | ||
| 008 | 251203t2014||||xx |||||||||||||| ||spa|| | ||
| 020 | _a9788416127153 | ||
| 041 | _aESP | ||
| 082 |
_a910 _bL31 |
||
| 100 |
_aLavagno, Enrico, _cAUT |
||
| 245 | 0 | _aEl mundo entre tierra y cielo | |
| 260 |
_a[Barcelona, Estados Unidos] _bLuppa Solutions, _c2014 |
||
| 300 |
_a223 páginas : _b fotografías ; _c 16 cm. |
||
| 500 | _aLugar: [Barcelona, Estados Unidos] tomado del catálogo colectivo Worldcat | ||
| 650 | _aGEH | ||
| 653 | _aDescripciones y viajes; Obras ilustradas | ||
| 654 | _aCTP | ||
| 942 |
_cLIB _dJUS _fMAT _2ddc |
||
| 999 |
_c250 _d250 |
||